01074cam a22002771i 4500001001300000003000400013005001700017008004100034010001700075035001900092040004900111043001200160050002600172051002200198082001300220100004600233245005100279260007100330300002400401410006600425500014200491504002800633650005200661650006600713999001700779e 52000023 DLC20260227111234.0770406s1952 dcu b f000 0 eng c ae 52000023  a(OCoLC)2865083 aU.S. Office of Education. LibrarycDNIEdDLC an-us---00aL111b.A6 1952, no. 1 aKF4119b.K44 1952 a379.14731 aKeesecker, Ward W.q(Ward Wilbur),d1898-10aKnow your school law /cby Ward. W. Keesecker. aWashington :bFederal Security Agency, Office of Education,c1952. aiv, 26 p. ;c23 cm.10aUnited States.bOffice of Education.tBulletin,f1952,vno. 1 aCopies 1 and 2 of L111.A6 bound with: Bulletin / United States. Office of Education, 1952, no. 2-1952, no. 11, subsequent to publication. aBibliography: p. 11-25. 0aEducational law and legislationzUnited States. 0aEducational law and legislationzUnited StatesxBibliography. c22170d22170